Thoughts and details on the high and low prices of the thirty years (Record no. 113861)

MARC details
000 -LEADER
fixed length control field 00897cam a22002055a 4500
001 - CONTROL NUMBER
control field L155832
008 - FIXED-LENGTH DATA ELEMENTS--GENERAL INFORMATION
fixed length control field 120417s1824 xxk f 000 0 eng d
035 ## - SYSTEM CONTROL NUMBER
System control number (Sirsi) u155832
041 0# - LANGUAGE CODE
Language code of text/sound track or separate title eng
100 1# - MAIN ENTRY--PERSONAL NAME
Personal name Tooke, Thomas
Dates associated with a name 1774-1858
245 00 - TITLE STATEMENT
Title Thoughts and details on the high and low prices of the thirty years
Remainder of title from 1793 to 1822
250 ## - EDITION STATEMENT
Edition statement 2nd ed.
260 ## - PUBLICATION, DISTRIBUTION, ETC.
Place of publication, distribution, etc. London
Name of publisher, distributor, etc. John Murray
Date of publication, distribution, etc. 1824
300 ## - PHYSICAL DESCRIPTION
Extent 1 v. (various pagings)
Other physical details tables (some fold.)
Dimensions 22 cm.
505 2# - FORMATTED CONTENTS NOTE
Formatted contents note pt. I. On the effect of alterations in the currency -- pt. II. On the effect of war -- pt. III. On the effect of the seasons -- pt. IV. On the combined effects of alterations in the currency, of war, and of the seasons; with statements of prices and quantities.
583 ## - ACTION NOTE
Action Condition reviewed
Time/date of action 20120620
Status condition level 1
651 #4 - SUBJECT ADDED ENTRY--GEOGRAPHIC NAME
Geographic name Great Britain
Chronological subdivision 1707-
690 ## - LOCAL SUBJECT ADDED ENTRY--TOPICAL TERM (OCLC, RLIN)
Topical term or geographic name as entry element Business and management
942 ## - ADDED ENTRY ELEMENTS (KOHA)
Suppress in OPAC 0
Holdings
Withdrawn status Lost status Source of classification or shelving scheme Damaged status Not for loan Home library Current library Shelving location Date acquired Total Checkouts Full call number Barcode Date last seen Copy number Price effective from Koha item type
    Dewey Decimal Classification     Historic collection Historic collection Historic collection 17/04/2012   OCTAVO 1824 TOOKE 30076788 06/08/2019 1 06/08/2019 Book